| 000 | 01268cab a2200229 4500 | ||
|---|---|---|---|
| 001 | ##L136835 | ||
| 008 | 070227n2007 000 0 eng u | ||
| 035 | _a(Sirsi) u136835 | ||
| 041 | 0 | _aeng | |
| 100 | 1 | _aPemble, Stuart | |
| 245 | 0 | 0 | _aNeutral ground |
| 260 | _c2007 | ||
| 490 | 0 |
_aBuilding _v272(8468) 23 February 2007, 60(1) |
|
| 520 | _aConsiders what legal framework needs to be in place to ensure new homes achieve carbon neutrality by 2016. Notes that changes need to be made to the Building Regulations and PPS3, and outlines the UK government "Code for sustainable homes" (L135998) and consultation document "Building a greener future" (L135908). Highlights various issues that need to be addressed, such as the difference between carbon neutrality and energy efficiency, the fact that photovoltaic cells use use more energy in their creation than they save, the lack of firm guidelines in the "Code for sustainable homes", and how the extra cost of building a carbon neutral home will be met. | ||
| 590 | _aKA | ||
| 650 | 2 | 4 | _aDCLG CODE FOR SUSTAINABLE HOMES |
| 650 | 2 | 4 | _aPLANNING POLICY STATEMENT 3 |
| 650 | 2 | 4 | _aBUILDING REGULATIONS 2000 |
| 651 | 4 |
_aEngland and Wales _y1543- |
|
| 690 | _aBUILT ENVIRONMENT-BUILDING STANDARDS | ||
| 942 | _n0 | ||
| 999 |
_c78461 _d78461 |
||